000
00355nam a2200169Ia 4500
100
_a
Halliday/David/ Resnick/R
250
_a
6
942
_c
BK
366
_f
20
654
_a
physics
245
_a
Fundamentals of Physics
260
_b
Wiley India
_a
New Delhi
_c
2001
082
_a
530/HAL
_b
HAL
300
_a
1144
546
_a
ENGLISH
999
_c
29271
_d
29271